Poetas famosos del siglo XIX (Record no. 162178)
[ view plain ]
| 000 -LEADER | |
|---|---|
| campo de control de longitud fija | 00690nam a22002055i 4500 |
| 001 - NÚMERO DE CONTROL | |
| campo de control | 162178 |
| 003 - IDENTIFICADOR DE NÚMERO DE CONTROL | |
| campo de control | ES-MaACL |
| 005 - FECHA Y HORA DE LA ÚLTIMA TRANSACCIÓN | |
| campo de control | 20230906212439.0 |
| 008 - DATOS DE LONGITUD FIJA--INFORMACIÓN GENERAL | |
| campo de control de longitud fija | 990702s1883 sp |||| | spa d |
| 040 ## - FUENTE DE CATALOGACIÓN | |
| Centro catalogador/agencia de origen | CCPB | B |
| Lengua de catalogación | spa |
| Centro/agencia transcriptor | CCPB | B |
| 100 1# - ENTRADA PRINCIPAL--NOMBRE DE PERSONA | |
| Nombre de persona | Piñeyro, Enrique. |
| 9 (RLIN) | 92287 |
| 245 10 - MENCIÓN DEL TÍTULO | |
| Título | Poetas famosos del siglo XIX |
| Resto del título | : sus vidas y sus obras / |
| Mención de responsabilidad, etc. | por Enrique Piñeyro. |
| 260 ## - PUBLICACIÓN, DISTRIBUCIÓN, ETC. | |
| Lugar de publicación, distribución, etc. | Madrid : |
| Nombre del editor, distribuidor, etc. | Librería Gutenberg, |
| Fecha de publicación, distribución, etc. | 1883 ( |
| Lugar de fabricación/manufactura | Paris : |
| Fabricante | Imprenta A. Lahure) |
| 300 ## - DESCRIPCIÓN FÍSICA | |
| Extensión | [8], 366 p. ; |
| Dimensiones | 23 cm. |
| 650 #4 - PUNTO DE ACCESO ADICIONAL DE MATERIA--TÉRMINO DE MATERIA | |
| Término de materia o nombre geográfico como elemento de entrada | Poetas- |
| Subdivisión de forma | Biografías- |
| Subdivisión cronológica | S. \RXIX\R. |
| 9 (RLIN) | 234144 |
| 752 ## - ENTRADA AGREGADA--NOMBRE JERÁRQUICO DEL LUGAR | |
| País o entidad superior | España - |
| Ciudad | Madrid |
| 752 ## - ENTRADA AGREGADA--NOMBRE JERÁRQUICO DEL LUGAR | |
| País o entidad superior | Francia - |
| Ciudad | París |
| 852 ## - LOCALIZACIÓN | |
| Ubicación | ES-MaACL |
| Número de control de estantería | G-7533 |
| Nota libre | -- Enc. hol. |
| Estatus retirado | Estado de pérdida | Estado de daño | No para préstamo | Colección | Biblioteca de origen | Biblioteca actual | Ubicación en estantería | Fecha de adquisición | Fuente de adquisición | Total de préstamos | Signatura topográfica completa | Código de barras | Visto por última vez | Precio de reemplazo | Tipo de ítem Koha |
|---|---|---|---|---|---|---|---|---|---|---|---|---|---|---|---|
| Libros del s. XIX | Biblioteca del Ateneo de Madrid | Biblioteca del Ateneo de Madrid | Sala Pecera Planta 3 | 17/01/2008 | G-7533 | 1169900 | 23/02/2023 | 23/02/2023 | Libro impreso antiguo |
